[Event "San Sebastian Primavera de Gros op 8th"]
[Site "San Sebastian"]
[Date "2012.05.26"]
[Round "6"]
[White "Lopez Garcia, Jose"]
[Black "Fuente San Sebastian, Ernesto"]
[Result "0-1"]
[WhiteElo "1608"]
[BlackElo "1906"]
[PlyCount "100"]
[EventDate "2012.04.21"]
[EventType "swiss"]
[EventRounds "7"]
[EventCountry "ESP"]
[SourceTitle "EXT 2014"]
[Source "ChessBase"]
[SourceDate "2013.11.20"]
[SourceVersion "1"]
[SourceVersionDate "2013.11.20"]
[SourceQuality "1"]

1. e4 Nf6 2. Nc3 d5 3. exd5 Nxd5 4. Nf3 Bg4 5. g3 e6 6. Bg2 Nc6 7. d4 Bb4 8. Qd2 Qf6 9. Qd3 Bxf3 10. Bxf3 Qxd4 11. Bxd5 Bxc3+ 12. bxc3 Qxd5 13. Qxd5 exd5 14. Bg5 Ne5 15. 0-0-0 f6 16. Be3 0-0-0 17. f4 Nc4 18. Bxa7 b6 19. Rhe1 Rhe8 20. a4 Kb7 21. Bxb6 Kxb6 22. Rxe8 Rxe8 23. Kb1 c6 24. Ka2 Re2 25. Kb3 Kc5 26. h4 f5 27. Ra1 Re7 28. Rc1 Rb7+ 29. Ka2 Ra7 30. Kb3 Nd2+ 31. Ka3 Ne4 32. Kb3 Rb7+ 33. Ka3 Nxc3 34. Re1 Kc4 35. Re6 c5 36. a5 Ra7 37. a6 Ne4 38. Ka4 Nc3+ 39. Ka5 Nb5 40. Rb6 Nc7 41. h5 d4 42. h6 g6 43. Rc6 Rxa6+ 44. Rxa6 Nxa6 45. Kxa6 Kc3 46. Kb5 Kxc2 47. Kxc5 d3 48. Kd4 d2 49. Ke5 d1Q 50. Kf6 Qd7 0-1

[Event "San Sebastian Primavera de Gros 7th op"]
[Site "San Sebastian"]
[Date "2011.05.07"]
[Round "1.13"]
[White "Rodriguez Cabrera, Francisco Javier"]
[Black "Lopez Garcia, Jose"]
[Result "1-0"]
[WhiteElo "1961"]
[BlackElo "1609"]
[PlyCount "49"]
[EventDate "2011.05.07"]
[EventType "swiss"]
[EventRounds "7"]
[EventCountry "ESP"]
[SourceTitle "EXT 2024"]
[Source "ChessBase"]
[SourceDate "2023.10.10"]
[SourceVersion "1"]
[SourceVersionDate "2023.10.10"]
[SourceQuality "1"]

1. e4 c5 2. Nf3 d6 3. d4 cxd4 4. Nxd4 Nf6 5. Nc3 e6 6. Be3 Be7 7. g4 Nc6 8. g5 Ng4 9. Qxg4 Ne5 10. Bb5+ Bd7 11. Bxd7+ Qxd7 12. Qe2 a6 13. f4 Nc6 14. 0-0-0 b5 15. Nxc6 Qxc6 16. Qd3 0-0 17. h4 b4 18. Ne2 a5 19. Nd4 Qb7 20. h5 d5 21. e5 Qd7 22. f5 Rfc8 23. g6 hxg6 24. hxg6 exf5 25. gxf7+ 1-0

[Event "San Sebastian Primavera de Gros 4th"]
[Site "San Sebastian"]
[Date "2008.05.03"]
[Round "1"]
[White "Lopez Garcia, Jose"]
[Black "Etxagibel Larranaga, Asier"]
[Result "0-1"]
[WhiteElo "1620"]
[BlackElo "1890"]
[PlyCount "80"]
[EventDate "2008.05.03"]
[EventType "swiss"]
[EventRounds "7"]
[EventCountry "ESP"]
[SourceTitle "EXT 2009"]
[Source "ChessBase"]
[SourceDate "2008.11.26"]
[SourceVersion "1"]
[SourceVersionDate "2008.11.26"]
[SourceQuality "1"]

1. e4 g6 2. Nf3 Bg7 3. Nc3 d6 4. Nd5 c6 5. Ne3 Nf6 6. d3 0-0 7. Be2 b5 8. 0-0 Nbd7 9. c3 a5 10. Qc2 Bb7 11. d4 e5 12. dxe5 dxe5 13. Nd2 Qc7 14. f3 Nh5 15. Rf2 Nf4 16. Bf1 Qb6 17. Nb1 Rfd8 18. b4 Bf8 19. g3 Ne6 20. Ng4 axb4 21. Be3 Qc7 22. Nh6+ Kg7 23. cxb4 Bxb4 24. a3 Be7 25. Ng4 h5 26. Bh6+ Kh7 27. Be3 hxg4 28. fxg4 Kg8 29. Bxb5 cxb5 30. Qe2 Qc4 31. Nd2 Qxe2 32. Rxe2 Bc5 33. Nb3 Bxe3+ 34. Rxe3 Ndc5 35. Nxc5 Nxc5 36. Rae1 Ra4 37. Kg2 Rxe4 38. Kh3 Rxe3 39. Rxe3 Kg7 40. g5 Rh8+ 0-1